• 首页
  • 本馆介绍
  • 公告通知
  • 最新文献
  • 馆藏检索
  • 电子资源
  • 读者导购
  • 参考咨询
  • 我的图书馆
  • 登录
  • 详细信息显示
  • 放入我的书架
  • 预约/预借图书
  • 作者相关作品
  • 分类相关作品
  • 丛书相关作品
  • 出版社相关作品

书目信息

  • 表格格式
  • 工作单格式
  • 卡片格式
题名:
综合素质
    
 
作者: ;聚师网教师资格考试研究院 编著
分册:   小学
出版信息: 北京   中国财富出版社  2019
页数: 266页
开本: 29cm
丛书名:
单 册:
中图分类: G451.6 , G625.1
科图分类:
主题词: 教师素质--资格考试--教材 , 小学教师--教师素质--资格考试--教材
电子资源:
ISBN: 978-7-5047-6917-6
000 00892nam0 2200265 450
001 012001002105
005 20140202111441.0
010    @a978-7-5047-6917-6@dCNY68.00
100    @a20220905d2019 em y0chiy50 ea
101 0  @achi
102    @aCN@b110000
105    @aa z 000yy
106    @ar
200 1  @a综合素质@Azong he su zhi@i小学@f聚师网教师资格考试研究院编著
210    @a北京@c中国财富出版社@d2019
215    @a266页@c图@d29cm
300    @a教师资格考试辅导教材 聚师系列教材
330    @a本书分为五个模块,内容包括:职业理念、教育法律法规、教师职业道德、文化素养、基本能力。
606 0  @a教师素质@x资格考试@j教材
606 0  @a小学教师@x教师素质@x资格考试@j教材
690    @aG451.6@v5
690    @aG625.1@v5
711 02 @a聚师网教师资格考试研究院@Aju shi wang jiao shi zi ge kao shi yan jiu yuan@4编著
801  0 @aCN@bAHXH@c20221111
905    @b1367525-9@dG451.6@e535@f5
    
    综合素质.小学/聚师网教师资格考试研究院编著.-北京:中国财富出版社,2019
    266页:图;29cm
    教师资格考试辅导教材 聚师系列教材
    
    ISBN 978-7-5047-6917-6:CNY68.00
    本书分为五个模块,内容包括:职业理念、教育法律法规、教师职业道德、文化素养、基本能力。
●
相关链接 在E读中查询图书 在五车中查询图书 在当当中查询图书 在豆瓣中查询图书


正题名:综合素质     索取号:G451.6/535         预约/预借

序号 登录号 条形码 馆藏地/架位号 状态 备注
1 1367525   213675254   第一样本阅览室/ [索取号:G451.6/535] 在馆    
2 1367526   213675263   教育系资料室/ [索取号:G451.6/535] 在馆    
3 1367527   213675272   教育系资料室/ [索取号:G451.6/535] 在馆    
4 1367528   213675281   第四借阅区/ [索取号:G451.6/535] 在馆    
5 1367529   213675290   第四借阅区/ [索取号:G451.6/535] 在馆    
欢迎您!
大连网信软件有限公司© 版权所有